| 000 | nam a22 7a 4500 | ||
|---|---|---|---|
| 999 |
_c28204 _d28204 |
||
| 008 | 170221b xxu||||| |||| 00| 0 eng d | ||
| 020 | _a9780321568519 | ||
| 050 | _aQA 39.3 .T75 2009 | ||
| 100 | _aTrimble Cindy | ||
| 245 |
_aStudent Solutions Manual: _bBasic College Mathematics/ _cCindy Trimble |
||
| 250 | _a6th ed. | ||
| 260 |
_aNew Jersey: _bPrentice Hall, _c2009. |
||
| 300 |
_a234p.: _bill.; _c27cm. |
||
| 521 | _aIncludes index. | ||
| 650 | _aMathematics. | ||
| 700 | _aBlair, Jamie | ||
| 942 |
_2lcc _cBOOKS _hQA 39.3 .T75 2009 |
||